Welcome to CU Library Online Public Access Catalogue (OPAC)

The Ghana Law Reports 1961 Part I (Record no. 6803)

MARC details
000 -LEADER
fixed length control field 00428nam a22001577a 4500
003 - CONTROL NUMBER IDENTIFIER
control field OSt
005 - DATE AND TIME OF LATEST TRANSACTION
control field 20250630225218.0
008 - FIXED-LENGTH DATA ELEMENTS--GENERAL INFORMATION
fixed length control field 250630b |||||||| |||| 00| 0 eng d
040 ## - CATALOGING SOURCE
Transcribing agency DLC
050 ## - LIBRARY OF CONGRESS CALL NUMBER
Classification number GLR61 PART I
Item number K528.G4
100 ## - MAIN ENTRY--PERSONAL NAME
Personal name Edited: N. Y. B. Adade
245 ## - TITLE STATEMENT
Title The Ghana Law Reports 1961 Part I
260 ## - PUBLICATION, DISTRIBUTION, ETC.
Place of publication, distribution, etc. Accra, Ghana ;
Name of publisher, distributor, etc. Ghana Publishing Company Ltd. ;
Date of publication, distribution, etc. 1961
300 ## - PHYSICAL DESCRIPTION
Extent xlvii, 512 pages
942 ## - ADDED ENTRY ELEMENTS (KOHA)
Source of classification or shelving scheme Library of Congress Classification
Koha item type Books
Suppress in OPAC No
Holdings
Withdrawn status Lost status Source of classification or shelving scheme Damaged status Not for loan Collection Home library Current library Shelving location Date acquired Total checkouts Full call number Barcode Date last seen Copy number Uniform resource identifier Price effective from Koha item type
    Library of Congress Classification     Non-fiction Law Library (Christ Temple) Law Library (Christ Temple) General stacks 06/30/2025   GLR61 PAR I K528.G4 GHA LLCT00000841 06/30/2025 1 Part 1 06/30/2025 Books
    Library of Congress Classification     Non-fiction Law Library (Christ Temple) Law Library (Christ Temple) General stacks 06/30/2025   GLR61 PAR I K528.G4 GHA LLCT00000842 06/30/2025 2 Part 1 06/30/2025 Books
© 2023-2024 Copyright: Central University Libraries. All Rights Reserved | Created by: Mahone Tech Office